000 00395pab a2200133 454500
008 180718b1986 xxu||||| |||| 00| 0 eng d
245 _aSAARC (South Asian Association for Regional Cooperation)
_bProspects of cooperations
260 _c1986
300 _a69-77
362 _aJan.-Mar.
650 _aSouth Asian Association for Regional Cooperation
773 _aIndia Quarterly
909 _a18471
999 _c18471
_d18471